Rizikové transakcie nadnárodných spoločností

Charakteristika a rizikové vzťahy nadnárodných spoločností. Regulácia cien uplatňovaných v rámci zoskupenia. Analýza porovnateľnosti v transferovom oceňovaní. Riziková analýza v transferovom oceňovaní. Transferové ceny - najproblematickejšia oblast.

Salvato in:
Dettagli Bibliografici
Autore principale: Harumová, Anna, 1955-
Natura: Capitolo di libro
Lingua:slovacco
Soggetti:
Tags: Aggiungi Tag
Nessun Tag, puoi essere il primo ad aggiungerne!!

MARC

LEADER 00000nla a2200000 4500
001 0213118
005 20240502073539.4
041 0 |a slo 
044 |a SK 
245 1 0 |a Rizikové transakcie nadnárodných spoločností  |c Anna Harumová 
520 |a Charakteristika a rizikové vzťahy nadnárodných spoločností. Regulácia cien uplatňovaných v rámci zoskupenia. Analýza porovnateľnosti v transferovom oceňovaní. Riziková analýza v transferovom oceňovaní. Transferové ceny - najproblematickejšia oblast. 
610 2 0 |a spoločnosti nadnárodné 
610 2 0 |a oceňovanie transferové 
610 2 0 |a ceny 
610 2 0 |a ceny transferové 
610 2 0 |a regulácia cenová 
610 2 0 |a kontrola daňová 
100 1 |a Harumová, Anna, 1955-